LEADER 01868nam a2200289 i 4500 001 000000080769 003 CaOOAMICUS 005 20220527125121.0 008 170731s1605 it u000 u ita u 013 $a53007 026 $alie, i-l- ala, covo (3) 1605 (R) 040 $aSeMil$bita 100 1 $aGarzoni, Tommaso,$d<1549-1589>.$0(OLS)http://semarc/name/73897 245 13$aLa piazza universale di tutte le professioni del mondo, nuovamente ristampata, & posta in luce da Thomaso Garzoni da Bagnacavallo. Aggiuntovi in questa nuova impressione alcune bellissime annotationi a discorso per discorso .. 260 $aIn Seravalle di Venetia :$bAd istantia di Roberto Meglietti,$c1605$e(In Serraualle di Vinetia :$fAppresso Marco Claseri,$g1605) 300 $a[36], 933, [3] p. ;$c4º. 500 $aIniz., fregi xilogr. 500 $aMarca editoriale: Due galli, di cui uno becca in terra chicchi di miglio; al centro la pianta con le pannocchie. In una cornice figurata. (U67), Sul front. - Motto: Non comedetis fruges mendacii. 500 $aSegn.: a10 b8 A-3M8 3N4(3N4 bianca) 650 4$aMestieri - Enciclopedie e dizionari - Ed. ante 1900.$0(OLS)http://semarc/subject/2096 700 1 $aMeietti, Roberto$b<1.,$cEditore>.$0(OLS)http://semarc/name/3239 710 0 $aClaseri, Marco$c.$0(OLS)http://semarc/name/73898 850 $aSeMil 852 $aSeMil$W1$xVenegono$y1$m3XD III 18 FA$j46162$B46162$CSeMilBibl$Z2$F48366 $8I 996 $6245$aLa piazza universale di tutte le professioni del mondo, nuovamente ristampata, & posta in luce da Thomaso Garzoni da Bagnacavallo. Aggiuntovi in questa nuova impressione alcune bellissime annotationi a discorso per discorso ..$9(OLS)http://semarc/title/404133 996 $6260$aIn Seravalle di Venetia :$bAd istantia di Roberto Meglietti$9(OLS)http://semarc/publisher/56558 LEADER 01411nam a2200325 i 4500 001 000000115054 003 CaOOAMICUS 005 20211223154111.0 008 030512s2001 it a u000 u ita u 013 $a87742 020 $a88-7782-702-5 040 $aSeMil$bita 100 1 $aRowling, J. K.,$d<1965- >.$0(OLS)http://semarc/name/48078 240 10$aHarry Potter.$0(OLS)http://semarc/title/438477 245 10$aHarry Potter e la pietra filosofale /$cJ. K. Rowling ; illustrazioni di Serena Riglietti ; traduzione di Marina Astrologo. 250 $a20. Rist. 264 1$aMilano :$bSalani,$c2001. 300 $a296 p. :$bill. ;$c21 cm. 541 0 $aFondo card. C.M. Martini (1W V 188) 700 1 $aAstrologo, Marina.$0(OLS)http://semarc/name/47562 700 1 $aRiglietti, Serena.$0(OLS)http://semarc/name/48079 765 0 $aRowling, J. K. <1965- >$tHarry Potter and the philosopher's stone.$dLondon [etc.] : Bloomsbury, 2010.$z978-1-4088-1054-5$w()340627 850 $aSeMil 852 $aSeMil$W1$xVenegono$y1$m1W V 188$j70592$B70592$CSeMilBibl$Z2$F104164 $81 941 1 $a4 961 $aOmaggio: Martini Card. Carlo Maria 996 $6020$a88-7782-702-5$9(OLS)http://semarc/number/98663 996 $6245$aHarry Potter e la pietra filosofale$9(OLS)http://semarc/title/429765 996 $6264$aMilano :$bSalani$9(OLS)http://semarc/publisher/38155